Statistiques concernant Logo d'application par image¤1

Cliquez ici pour prendre le quiz!

Statistiques générales

  • Ce quiz a été pris 434 fois
  • Le résultat moyen est 17 sur 20

Statistiques - réponses

Réponse% Correct
Instagram
100%
Facebook
94%
Snapchat
94%
TikTok
94%
Pinterest
93%
X
93%
Paypal
92%
whatsapp
91%
Netflix
90%
Gmail
89%
Skype
89%
Spotify
89%
Amazon
88%
waze
80%
Linkedin
74%
Deezer
72%
Telegram
70%
BeReal
68%
Duolingo
66%
TripAdvisor
64%

Distribution des résultats

Percentile par nombre de réponses

% des personnes avec chaque résultat

Votre développement - résultats

Vous n’avez pas pris ce quiz